000 01098nam0a2200313 4500
001 RU\NLR\BIBL_A\011337381
005 20170502100159.0
010 _a978-5-4315-0873-8
_95000
021 _aRU
_bКН-П-18-053714
_9КН-П-18-3871
035 _a(NLR Aleph) 011337381
090 _a11170086
_c11170086
100 _a20170302d2016 b y0rusy50 ca
101 0 _arus
102 _aRU
105 _aa z 00gy
200 1 _aВ деревне
_e[загадки-добавлялки
_eдля чтения взрослыми детям
_fОльга Мозалёва
_gхудожник: Дарья Нюберг]
210 _aМосква
_cМозаика-Синтез
_d2016
215 _a[10] с.
_cцв. ил.
_d13х13
225 1 _aЗагадки о зверятках
300 _aАвт. указан в вып. дан.
333 _a0+
686 0 _aШ9(2)60=Р7-8
700 1 _aМозалёва
_bО.
_gОльга
702 1 _aНюберг
_bД.
_gДарья
_4440
942 _cBOOK
980 _aNB